Zavedenie projektového manažmentu do štruktúry firmy diplomová práca

Gespeichert in:
Bibliographische Detailangaben
1. Verfasser: Gúčiková, Klaudia
Körperschaft: Fakulta podnikového manažmentu EU. Katedra manažmentu
Weitere Verfasser: Jankelová, Nadežda, 1966-
Format: Buch
Sprache:Slowakisch
Veröffentlicht: Bratislava 2024
Tags: Tag hinzufügen
Keine Tags, Fügen Sie das erste Tag hinzu!

MARC

LEADER 00000nbm a2200000 4500
001 0300973
005 20250211101553.9
041 0 |a slo 
044 |a SK 
245 1 0 |a Zavedenie projektového manažmentu do štruktúry firmy  |b diplomová práca  |c Klaudia Gúčiková ; školiteľ: Nadežda Jankelová 
264 1 |a Bratislava  |c 2024 
300 |a 82 s. 
100 1 |a Gúčiková, Klaudia 
700 1 |a Jankelová, Nadežda, 1966- 
710 2 |a Fakulta podnikového manažmentu EU. Katedra manažmentu